00324nam a2200121Ia 4500008004100000020001400041050001500055100001800070245003700088260004000125300002400165650001300189150202s9999 xx 000 0 und d a689828624 aFIC bFIC  aHowe, James.  4aThe color absence /cJames Howe. aNew York :bAntheneum Books,c2001. a238 pages :c18 cm. aFiction.